[Event "Barnaul Kura Memorial"]
[Site "Barnaul"]
[Date "2021.02.28"]
[Round "7"]
[White "Lysyj, Igor"]
[Black "Maletin, Pavel"]
[Result "1/2-1/2"]
[WhiteElo "2605"]
[BlackElo "2586"]
[PlyCount "87"]
[EventDate "2021.02.27"]
[EventType "swiss (rapid)"]
[EventRounds "11"]
[EventCountry "RUS"]
[SourceTitle "CBM 200 Extra"]
[Source "ChessBase"]
[SourceDate "2021.03.31"]
[SourceVersion "1"]
[SourceVersionDate "2021.03.31"]
[SourceQuality "1"]

1. d4 Nf6 2. c4 e6 3. Nf3 d5 4. g3 Bb4+ 5. Bd2 Be7 6. Bg2 0-0 7. 0-0 Nbd7 8. Qc2 c6 9. a4 a5 10. Bf4 Ne4 11. Rd1 f5 12. Nc3 b6 13. cxd5 exd5 14. Ne5 Nxe5 15. Bxe5 Bb7 16. Qb3 Kh8 17. Nxe4 fxe4 18. f3 c5 19. fxe4 dxe4 20. Rac1 Bd5 21. Qc3 c4 22. Rf1 Qd7 23. Qe3 Qg4 24. h3 Qg6 25. h4 Kg8 26. Kh2 Rae8 27. Rf4 Rxf4 28. Bxf4 Bf6 29. Bh3 Qf7 30. Rf1 Qe7 31. Bg5 Bxg5 32. hxg5 Rf8 33. Rf4 g6 34. Bg2 Kg7 35. Kg1 Rf5 36. Rxf5 gxf5 37. Qf4 Kg6 38. Bh3 Qxg5 39. Qd6+ Kh5 40. Qxd5 Qxg3+ 41. Bg2 Qe1+ 42. Kh2 Qh4+ 43. Kg1 Qe1+ 44. Kh2 1/2-1/2

[Event "Barnaul Kura Memorial"]
[Site "Barnaul"]
[Date "2021.02.28"]
[Round "11"]
[White "Sevostianov, Vladimir"]
[Black "Maletin, Pavel"]
[Result "0-1"]
[WhiteElo "2156"]
[BlackElo "2586"]
[PlyCount "98"]
[EventDate "2021.02.27"]
[EventType "swiss (rapid)"]
[EventRounds "11"]
[EventCountry "RUS"]
[SourceTitle "CBM 200 Extra"]
[Source "ChessBase"]
[SourceDate "2021.03.31"]
[SourceVersion "1"]
[SourceVersionDate "2021.03.31"]
[SourceQuality "1"]

1. Nf3 c5 2. g3 g6 3. Bg2 Bg7 4. 0-0 Nc6 5. d3 e5 6. c4 Nge7 7. Nc3 d6 8. Rb1 0-0 9. a3 a5 10. Ne1 Be6 11. Nc2 d5 12. cxd5 Nxd5 13. Bd2 b6 14. Ne3 Nxe3 15. fxe3 Rc8 16. e4 Ne7 17. b3 Qd7 18. Kh1 b5 19. a4 b4 20. Nb5 Nc6 21. Be3 Nd4 22. Bxd4 cxd4 23. Qd2 Rc3 24. Nxc3 bxc3 25. Qc2 Rb8 26. e3 Qd6 27. exd4 exd4 28. Bf3 Bh6 29. Bd1 Bd2 30. Rf2 Qb4 31. Rxd2 cxd2 32. Rb2 Rc8 33. Qxd2 Rc3 34. Kg2 Qa3 35. e5 Rxd3 36. Qxd3 Qxb2+ 37. Qc2 Qc3 38. Qf2 h5 39. h4 d3 40. Qe3 Qb2+ 41. Kg1 Bh3 42. Bf3 d2 43. Qd3 Bg4 44. Bxg4 hxg4 45. Qd8+ Kh7 46. Qd7 Qc1+ 47. Kg2 d1Q 48. Qxf7+ Kh6 49. Qf8+ Kh5 0-1

[Event "Barnaul Kura Memorial"]
[Site "Barnaul"]
[Date "2021.02.27"]
[Round "1"]
[White "Degtyareva, Kristina"]
[Black "Maletin, Pavel"]
[Result "0-1"]
[WhiteElo "1810"]
[BlackElo "2586"]
[PlyCount "63"]
[EventDate "2021.02.27"]
[EventType "swiss (rapid)"]
[EventRounds "11"]
[EventCountry "RUS"]
[SourceTitle "CBM 200 Extra"]
[Source "ChessBase"]
[SourceDate "2021.03.31"]
[SourceVersion "1"]
[SourceVersionDate "2021.03.31"]
[SourceQuality "1"]

1. e4 c5 2. Nf3 e6 3. d4 cxd4 4. Nxd4 Nc6 5. Be3 Nf6 6. Nxc6 bxc6 7. Bd3 d5 8. e5 Nd7 9. f4 Rb8 10. Nd2 c5 11. f5 Nxe5 12. 0-0 Nxd3 13. cxd3 exf5 14. Bf4 Rb6 15. Qa4+ Qd7 16. Qc2 Be7 17. Nf3 0-0 18. Ne5 Qb7 19. b3 Re6 20. Rae1 Bd6 21. d4 cxd4 22. Nd3 Bxf4 23. Nxf4 Re4 24. Qc5 Be6 25. Qd6 Qb6 26. Qe7 d3+ 27. Kh1 Rxe1 28. Rxe1 d2 29. Rd1 Qe3 30. Qb4 Rc8 31. h3 Rc1 32. Kh2 0-1

[Event "Barnaul Kura Memorial"]
[Site "Barnaul"]
[Date "2021.02.27"]
[Round "3"]
[White "Guzikov, Danil"]
[Black "Maletin, Pavel"]
[Result "0-1"]
[WhiteElo "2236"]
[BlackElo "2586"]
[PlyCount "50"]
[EventDate "2021.02.27"]
[EventType "swiss (rapid)"]
[EventRounds "11"]
[EventCountry "RUS"]
[SourceTitle "CBM 200 Extra"]
[Source "ChessBase"]
[SourceDate "2021.03.31"]
[SourceVersion "1"]
[SourceVersionDate "2021.03.31"]
[SourceQuality "1"]

1. e4 c6 2. d4 d5 3. Nc3 dxe4 4. Nxe4 Nd7 5. Qe2 Ndf6 6. Nf3 Bg4 7. c3 e6 8. h3 Bh5 9. g4 Bg6 10. Nxf6+ gxf6 11. Bg2 Bd6 12. 0-0 Ne7 13. Nh4 Qc7 14. c4 0-0-0 15. Bh6 Rhe8 16. Rad1 f5 17. Bg5 fxg4 18. Qxg4 Rg8 19. d5 h6 20. dxe6 f5 21. Bxe7 fxg4 22. Bxd8 Qxd8 23. Nxg6 Rxg6 24. Be4 gxh3+ 25. Kh1 Rg2 0-1

[Event "Barnaul Kura Memorial"]
[Site "Barnaul"]
[Date "2021.02.27"]
[Round "6"]
[White "Maletin, Pavel"]
[Black "Demidov, Mikhail"]
[Result "1-0"]
[WhiteElo "2586"]
[BlackElo "2523"]
[PlyCount "85"]
[EventDate "2021.02.27"]
[EventType "swiss (rapid)"]
[EventRounds "11"]
[EventCountry "RUS"]
[SourceTitle "CBM 200 Extra"]
[Source "ChessBase"]
[SourceDate "2021.03.31"]
[SourceVersion "1"]
[SourceVersionDate "2021.03.31"]
[SourceQuality "1"]

1. Nf3 g6 2. c4 Bg7 3. d4 d6 4. Nc3 c5 5. e4 cxd4 6. Nxd4 Nf6 7. Be2 0-0 8. 0-0 Nc6 9. Be3 Bd7 10. f3 Nxd4 11. Bxd4 a5 12. Qd2 a4 13. b4 axb3 14. axb3 Qc7 15. Kh1 Bc6 16. b4 b6 17. Qb2 Nh5 18. Bxg7 Nxg7 19. Nd5 Qb7 20. Qd4 Bxd5 21. cxd5 Nh5 22. Bb5 Rxa1 23. Rxa1 Nf6 24. Bc6 Qc7 25. Ra6 Rb8 26. b5 h5 27. Qa1 Qd8 28. Ra7 Kf8 29. h3 Kg8 30. Qd4 Kf8 31. f4 Kg8 32. e5 Nh7 33. Qe4 Qf8 34. f5 gxf5 35. Qxf5 Rd8 36. Qxh5 dxe5 37. Qxe5 Qh6 38. Rxe7 Rd6 39. Kh2 Nf8 40. Be8 Rf6 41. d6 Rxd6 42. Bxf7+ Kh7 43. Be6+ 1-0

[Event "Barnaul Kura Memorial"]
[Site "Barnaul"]
[Date "2021.02.27"]
[Round "5"]
[White "Sviridov, Valery"]
[Black "Maletin, Pavel"]
[Result "0-1"]
[WhiteElo "2562"]
[BlackElo "2586"]
[PlyCount "72"]
[EventDate "2021.02.27"]
[EventType "swiss (rapid)"]
[EventRounds "11"]
[EventCountry "RUS"]
[SourceTitle "CBM 200 Extra"]
[Source "ChessBase"]
[SourceDate "2021.03.31"]
[SourceVersion "1"]
[SourceVersionDate "2021.03.31"]
[SourceQuality "1"]

1. e4 c6 2. d4 d5 3. Nc3 dxe4 4. Nxe4 Nd7 5. Bd3 Ngf6 6. Nxf6+ Nxf6 7. c3 Bg4 8. Qb3 Qd7 9. Ne2 e5 10. f3 Be6 11. Qc2 exd4 12. Nxd4 0-0-0 13. Bg5 Bc5 14. 0-0-0 Bxd4 15. Be4 Nxe4 16. Qxe4 Qd5 17. Bxd8 Qxe4 18. fxe4 Be3+ 19. Kc2 Rxd8 20. Rxd8+ Kxd8 21. b3 Bf4 22. h3 Ke7 23. Kd3 Kd6 24. Ke2 Be5 25. Rd1+ Kc5 26. Kd3 a5 27. Kc2 Bf6 28. Kd3 Kd6 29. Rb1 b5 30. Rf1 Ke5 31. Rf2 Be7 32. Rf3 g6 33. Rf2 h5 34. Rf3 a4 35. bxa4 Bc4+ 36. Kd2 bxa4 0-1

[Event "RUS-chT blitz"]
[Site "Sochi"]
[Date "2018.10.10"]
[Round "13.3"]
[White "Maletin, Pavel"]
[Black "Kozak, Alexander"]
[Result "1-0"]
[WhiteElo "2586"]
[BlackElo "2262"]
[PlyCount "65"]
[EventDate "2018.10.10"]
[EventType "team-swiss (blitz)"]
[EventRounds "15"]
[EventCountry "RUS"]
[SourceTitle "CBM 186 Extra"]
[Source "ChessBase"]
[SourceDate "2018.08.24"]
[SourceVersion "1"]
[SourceVersionDate "2018.08.24"]
[SourceQuality "1"]
[WhiteTeam "Novosibirsk"]
[BlackTeam "Stavropol Region"]
[WhiteTeamCountry "RUS"]
[BlackTeamCountry "RUS"]

1. c4 f5 2. g3 Nf6 3. d4 e6 4. Bg2 d5 5. Nf3 c6 6. 0-0 Bd6 7. Nbd2 Nbd7 8. Ne1 0-0 9. Nd3 Qe8 10. Nf3 Ne4 11. Bf4 Be7 12. Nfe5 g5 13. Bc1 Nxe5 14. Nxe5 Bf6 15. b3 a5 16. Ba3 Be7 17. Bxe7 Qxe7 18. Qc2 Bd7 19. f3 Nd6 20. e4 f4 21. Rae1 Qg7 22. Bh3 Bc8 23. c5 Nb5 24. Qd2 a4 25. b4 a3 26. gxf4 Rxf4 27. Kh1 Rh4 28. Rg1 h6 29. Bg4 Ra4 30. f4 Ra8 31. fxg5 hxg5 32. Bf3 g4 33. Bxg4 1-0

[Event "RUS-chT rapid"]
[Site "Sochi"]
[Date "2018.10.09"]
[Round "6.1"]
[White "Timofeev, Artyom"]
[Black "Maletin, Pavel"]
[Result "0-1"]
[WhiteElo "2580"]
[BlackElo "2586"]
[PlyCount "114"]
[EventDate "2018.10.08"]
[EventType "team-swiss (rapid)"]
[EventRounds "9"]
[EventCountry "RUS"]
[SourceTitle "CBM 186 Extra"]
[Source "ChessBase"]
[SourceDate "2018.08.24"]
[SourceVersion "1"]
[SourceVersionDate "2018.08.24"]
[SourceQuality "1"]
[WhiteTeam "Kazan Ladya"]
[BlackTeam "Novosibirsk"]
[WhiteTeamCountry "RUS"]
[BlackTeamCountry "RUS"]

1. e4 e5 2. Nf3 Nc6 3. Bb5 g6 4. 0-0 Bg7 5. c3 a6 6. Bxc6 dxc6 7. d4 exd4 8. Nxd4 Ne7 9. Bg5 h6 10. Bh4 c5 11. Ne2 Qxd1 12. Rxd1 Bd7 13. Nd2 g5 14. Bg3 0-0-0 15. Rac1 Bb5 16. c4 Bc6 17. Nc3 Ng6 18. f3 h5 19. Nf1 h4 20. Bf2 Nf4 21. Bxc5 Bxc3 22. bxc3 Ne2+ 23. Kf2 Nxc1 24. Rxc1 g4 25. Bd4 Rh5 26. c5 f5 27. fxg4 fxg4 28. Re1 Rf8+ 29. Kg1 h3 30. Ng3 Rh7 31. gxh3 gxh3 32. Re3 Rhf7 33. Re1 Kd7 34. a3 Ke6 35. Nf5 Rg8+ 36. Ng3 Rf3 37. Re2 Bb5 38. Re1 Bd3 39. Bf2 Rf4 40. Re3 Bc4 41. Re1 Rf3 42. Bd4 Rg4 43. e5 Bd5 44. Rd1 a5 45. Rd2 a4 46. Rd1 Bc4 47. Rb1 Rd3 48. Kf2 Rd2+ 49. Kf3 Rg8 50. Ne4 Rxh2 51. Nf6 Rg6 52. c6 b5 53. Kf4 Re2 54. Kf3 h2 55. Nh5 Rb2 56. Nf4+ Kf5 57. Re1 Rg4 0-1

[Event "RUS-ch blitz"]
[Site "Sochi"]
[Date "2018.10.07"]
[Round "19.22"]
[White "Apryshko, Gleb"]
[Black "Maletin, Pavel"]
[Result "0-1"]
[WhiteElo "2399"]
[BlackElo "2586"]
[PlyCount "46"]
[EventDate "2018.10.07"]
[EventType "swiss (blitz)"]
[EventRounds "20"]
[EventCountry "RUS"]
[SourceTitle "CBM 186 Extra"]
[Source "ChessBase"]
[SourceDate "2018.08.24"]
[SourceVersion "1"]
[SourceVersionDate "2018.08.24"]
[SourceQuality "1"]

1. e4 c5 2. Nf3 d6 3. Bb5+ Nd7 4. d4 cxd4 5. Qxd4 a6 6. Bxd7+ Bxd7 7. Bg5 h6 8. Bh4 Rc8 9. 0-0 Qc7 10. e5 e6 11. Nbd2 d5 12. Rac1 b5 13. Qg4 g5 14. Bg3 Ne7 15. h4 Nf5 16. hxg5 hxg5 17. Bh2 Be7 18. Rfe1 Qb6 19. a3 a5 20. c3 Qd8 21. Nb3 Rc4 22. Nbd4 b4 23. cxb4 Nxd4 0-1

[Event "RUS-ch blitz"]
[Site "Sochi"]
[Date "2018.10.07"]
[Round "3.13"]
[White "Chekhov, Sergey"]
[Black "Maletin, Pavel"]
[Result "0-1"]
[WhiteElo "2463"]
[BlackElo "2586"]
[PlyCount "46"]
[EventDate "2018.10.07"]
[EventType "swiss (blitz)"]
[EventRounds "20"]
[EventCountry "RUS"]
[SourceTitle "CBM 186 Extra"]
[Source "ChessBase"]
[SourceDate "2018.08.24"]
[SourceVersion "1"]
[SourceVersionDate "2018.08.24"]
[SourceQuality "1"]

1. e4 c5 2. d4 cxd4 3. Nf3 d6 4. Bc4 e6 5. Nxd4 Nf6 6. Nc3 a6 7. Bb3 Nbd7 8. 0-0 Nc5 9. Qf3 Be7 10. Bg5 0-0 11. Rad1 Qc7 12. Rfe1 Bd7 13. Qg3 Kh8 14. f4 e5 15. Nf3 exf4 16. Qxf4 Ne6 17. Qh4 Nxg5 18. Nxg5 Qc5+ 19. Kh1 h6 20. Nd5 Nxd5 21. Rxd5 Bxg5 22. Qh5 Qf2 23. Rdd1 g6 0-1

[Event "RUS-ch blitz"]
[Site "Sochi"]
[Date "2018.10.07"]
[Round "2.14"]
[White "Cherenkov, Andrey"]
[Black "Maletin, Pavel"]
[Result "0-1"]
[WhiteElo "2226"]
[BlackElo "2586"]
[PlyCount "60"]
[EventDate "2018.10.07"]
[EventType "swiss (blitz)"]
[EventRounds "20"]
[EventCountry "RUS"]
[SourceTitle "CBM 186 Extra"]
[Source "ChessBase"]
[SourceDate "2018.08.24"]
[SourceVersion "1"]
[SourceVersionDate "2018.08.24"]
[SourceQuality "1"]

1. e4 c5 2. Nc3 d6 3. g3 Nc6 4. Bg2 g6 5. d3 Bg7 6. Be3 Rb8 7. Qd2 b5 8. a3 a5 9. Nge2 Nd4 10. Nc1 h5 11. h3 e6 12. Nd1 b4 13. axb4 axb4 14. c3 Nc6 15. 0-0 Nge7 16. f4 0-0 17. g4 hxg4 18. hxg4 f5 19. gxf5 gxf5 20. e5 bxc3 21. bxc3 dxe5 22. Bxc5 Rf6 23. d4 exd4 24. cxd4 Rg6 25. Ne2 Bb7 26. Rb1 Nxd4 27. Rxb7 Nxe2+ 28. Qxe2 Rxb7 29. Nf2 Rb2 30. Qe3 Qd5 0-1

[Event "RUS-ch blitz"]
[Site "Sochi"]
[Date "2018.10.07"]
[Round "12.12"]
[White "Maletin, Pavel"]
[Black "Shcherbakov, Ruslan"]
[Result "1/2-1/2"]
[WhiteElo "2586"]
[BlackElo "2516"]
[PlyCount "126"]
[EventDate "2018.10.07"]
[EventType "swiss (blitz)"]
[EventRounds "20"]
[EventCountry "RUS"]
[SourceTitle "CBM 186 Extra"]
[Source "ChessBase"]
[SourceDate "2018.08.24"]
[SourceVersion "1"]
[SourceVersionDate "2018.08.24"]
[SourceQuality "1"]

1. c4 c5 2. Nf3 g6 3. d4 cxd4 4. Nxd4 Nc6 5. e4 Nf6 6. Nc3 d6 7. f3 Bg7 8. Be3 0-0 9. Be2 Nh5 10. 0-0 Nf4 11. Kh1 Nxd4 12. Bxd4 Bxd4 13. Qxd4 Qa5 14. Qe3 Qe5 15. Rfd1 Be6 16. Bf1 g5 17. Rac1 Rfc8 18. b3 h6 19. g3 Ng6 20. Bg2 Qc5 21. Qd2 Kh7 22. Rf1 Rab8 23. Na4 Qa3 24. f4 gxf4 25. gxf4 Nh4 26. f5 Bd7 27. Nc3 Nxg2 28. Qxg2 Rg8 29. Qd2 Bc6 30. Nd5 Rg7 31. Rf3 Bxd5 32. exd5 Rbg8 33. Re1 Qc5 34. Qe3 f6 35. Qxc5 dxc5 36. Rfe3 Re8 37. d6 Rd8 38. dxe7 Re8 39. Re6 Kg8 40. Rxf6 Rexe7 41. Rxe7 Rxe7 42. Rxh6 Re2 43. Re6 Rxa2 44. Re7 b6 45. Kg1 Kf8 46. f6 Rb2 47. h4 Rxb3 48. Kg2 Rc3 49. h5 Rxc4 50. Kg3 Rc1 51. Rxa7 Rh1 52. Kg4 c4 53. Rc7 b5 54. Kg5 Rg1+ 55. Kf5 Rf1+ 56. Ke6 Re1+ 57. Kf5 Rf1+ 58. Kg6 Rg1+ 59. Kf5 Rf1+ 60. Ke5 Re1+ 61. Kd5 Rd1+ 62. Ke4 Re1+ 63. Kf5 Rf1+ 1/2-1/2

[Event "RUS-ch rapid"]
[Site "Sochi"]
[Date "2018.10.06"]
[Round "7.26"]
[White "Maletin, Pavel"]
[Black "Jary, Sergey"]
[Result "1-0"]
[WhiteElo "2586"]
[BlackElo "2286"]
[PlyCount "61"]
[EventDate "2018.10.05"]
[EventType "swiss (rapid)"]
[EventRounds "11"]
[EventCountry "RUS"]
[SourceTitle "CBM 186 Extra"]
[Source "ChessBase"]
[SourceDate "2018.08.24"]
[SourceVersion "1"]
[SourceVersionDate "2018.08.24"]
[SourceQuality "1"]

1. c4 c6 2. Nf3 Nf6 3. g3 g6 4. Bg2 Bg7 5. d4 d5 6. Qb3 0-0 7. Nc3 Qb6 8. 0-0 Na6 9. cxd5 Qxb3 10. axb3 cxd5 11. Ne5 e6 12. Bf4 Nh5 13. Bd2 f5 14. Rfc1 Bxe5 15. dxe5 Bd7 16. Nxd5 exd5 17. Bxd5+ Kg7 18. Bxb7 Rab8 19. Bxa6 Be6 20. b4 Rf7 21. Rc6 Re8 22. Bc3 Kf8 23. Bd3 f4 24. Rca6 Ree7 25. Bd4 fxg3 26. hxg3 Bc8 27. Rxa7 Rxa7 28. Bxa7 Ng7 29. Bc5+ Ke8 30. Bb5+ Kd8 31. Bb6+ 1-0

[Event "RUS-ch rapid"]
[Site "Sochi"]
[Date "2018.10.06"]
[Round "10.10"]
[White "Sjugirov, Sanan"]
[Black "Maletin, Pavel"]
[Result "1-0"]
[WhiteElo "2654"]
[BlackElo "2586"]
[PlyCount "89"]
[EventDate "2018.10.05"]
[EventType "swiss (rapid)"]
[EventRounds "11"]
[EventCountry "RUS"]
[SourceTitle "CBM 186 Extra"]
[Source "ChessBase"]
[SourceDate "2018.08.24"]
[SourceVersion "1"]
[SourceVersionDate "2018.08.24"]
[SourceQuality "1"]

1. e4 e5 2. Nf3 Nc6 3. Bb5 g6 4. d4 exd4 5. c3 dxc3 6. Nxc3 h6 7. Bf4 Bg7 8. e5 Nge7 9. Qd2 d5 10. exd6 cxd6 11. 0-0 Bg4 12. Bxc6+ bxc6 13. Rfe1 0-0 14. Bxd6 Bxf3 15. Rxe7 Bd5 16. Bc5 Be6 17. Qe3 Re8 18. Rxe8+ Qxe8 19. Bd4 Bf5 20. Qxe8+ Rxe8 21. Bxg7 Kxg7 22. Rd1 Bc2 23. Rc1 Bd3 24. b3 c5 25. f3 c4 26. b4 Kf6 27. Kf2 Rd8 28. Re1 Bf5 29. g4 Bc2 30. a4 a6 31. f4 g5 32. f5 h5 33. h3 hxg4 34. hxg4 Rd4 35. b5 axb5 36. axb5 Rxg4 37. Nd5+ Kg7 38. b6 Rh4 39. Re8 Ba4 40. f6+ Kh7 41. b7 Bxe8 42. b8Q Bc6 43. Qf8 Kg6 44. Ne7+ Kxf6 45. Nxc6 1-0

[Event "RUS-ch rapid"]
[Site "Sochi"]
[Date "2018.10.05"]
[Round "4.7"]
[White "Bocharov, Ivan"]
[Black "Maletin, Pavel"]
[Result "1-0"]
[WhiteElo "2563"]
[BlackElo "2586"]
[PlyCount "81"]
[EventDate "2018.10.05"]
[EventType "swiss (rapid)"]
[EventRounds "11"]
[EventCountry "RUS"]
[SourceTitle "CBM 186 Extra"]
[Source "ChessBase"]
[SourceDate "2018.08.24"]
[SourceVersion "1"]
[SourceVersionDate "2018.08.24"]
[SourceQuality "1"]

1. e4 e5 2. Bc4 Nf6 3. d3 Nc6 4. Nf3 Bc5 5. 0-0 d6 6. c3 h6 7. Re1 0-0 8. a4 a5 9. Nbd2 Ne7 10. Nf1 Ng6 11. Ng3 c6 12. h3 d5 13. Ba2 Bd6 14. d4 dxe4 15. Nxe4 Nxe4 16. Rxe4 Bf5 17. Re1 e4 18. Nd2 Qh4 19. Nf1 Rae8 20. Bb1 Bf4 21. Bxf4 Nxf4 22. Ng3 Bxh3 23. Bxe4 Bg4 24. Qb3 Re7 25. d5 Rfe8 26. dxc6 bxc6 27. Re3 Qg5 28. Rae1 c5 29. Qb5 Bd7 30. Qxa5 h5 31. Bc2 Rxe3 32. Rxe3 Rxe3 33. fxe3 Ne6 34. Qa8+ Nf8 35. Qf3 h4 36. Ne4 Qe7 37. a5 Bc6 38. Qf5 Nd7 39. a6 g6 40. Qf4 Kg7 41. Qd6 1-0

[Event "RUS-ch rapid"]
[Site "Sochi"]
[Date "2018.10.05"]
[Round "1.32"]
[White "Maletin, Pavel"]
[Black "Kharitonov, Egor"]
[Result "1-0"]
[WhiteElo "2586"]
[BlackElo "2000"]
[PlyCount "59"]
[EventDate "2018.10.05"]
[EventType "swiss (rapid)"]
[EventRounds "11"]
[EventCountry "RUS"]
[SourceTitle "CBM 186 Extra"]
[Source "ChessBase"]
[SourceDate "2018.08.24"]
[SourceVersion "1"]
[SourceVersionDate "2018.08.24"]
[SourceQuality "1"]

1. c4 e6 2. g3 d5 3. Bg2 Nf6 4. Nf3 Be7 5. 0-0 0-0 6. d4 Nbd7 7. Qc2 c6 8. b3 b6 9. Rd1 Bb7 10. Nc3 Ba6 11. Bf4 Nh5 12. Be5 Nxe5 13. dxe5 Qc7 14. Qd2 g6 15. cxd5 cxd5 16. Rac1 Ba3 17. g4 Bxc1 18. Rxc1 Ng7 19. Qh6 f6 20. Nxd5 Qxc1+ 21. Qxc1 exd5 22. Nd4 Bb7 23. exf6 Rxf6 24. Qg5 Raf8 25. Bxd5+ Bxd5 26. Qxd5+ Kh8 27. f3 Ne8 28. Ne6 R8f7 29. g5 Rf5 30. Qd8 1-0

[Event "RUS-ch rapid"]
[Site "Sochi"]
[Date "2018.10.05"]
[Round "2.30"]
[White "Mikhailovsky, Vladimir"]
[Black "Maletin, Pavel"]
[Result "0-1"]
[WhiteElo "2185"]
[BlackElo "2586"]
[PlyCount "102"]
[EventDate "2018.10.05"]
[EventType "swiss (rapid)"]
[EventRounds "11"]
[EventCountry "RUS"]
[SourceTitle "CBM 186 Extra"]
[Source "ChessBase"]
[SourceDate "2018.08.24"]
[SourceVersion "1"]
[SourceVersionDate "2018.08.24"]
[SourceQuality "1"]

1. e4 c5 2. Nf3 d6 3. d4 cxd4 4. Qxd4 a6 5. Nc3 Nc6 6. Qd2 Nf6 7. b3 e6 8. Bb2 Be7 9. Bd3 0-0 10. 0-0 b5 11. Rfe1 Bb7 12. Ne2 Qc7 13. Ng3 Ne5 14. Nxe5 dxe5 15. a4 b4 16. Qg5 Nxe4 17. Bxe5 Bxg5 18. Bxc7 Nxg3 19. hxg3 Rfc8 20. Bb6 a5 21. Rad1 Bd5 22. Re2 Bf6 23. Bb5 h5 24. Rd3 g6 25. Rd1 Kg7 26. Rd3 Rh8 27. Red2 Rhb8 28. Bc7 Rc8 29. Bb6 Be4 30. Rd7 Bxc2 31. Bc4 Rxc4 32. bxc4 b3 33. Rd1 b2 34. c5 Rc8 35. Rf1 b1Q 36. Rxb1 Bxb1 37. Ra7 Bc3 38. Bxa5 Rxc5 39. Bb6 Rd5 40. a5 Bd4 41. Rb7 Bxb6 42. axb6 Rb5 43. f3 Rb2 44. Kh2 Ba2 45. Kh3 Bd5 46. Rb8 g5 47. g4 hxg4+ 48. Kxg4 Rxg2+ 49. Kh3 Bxf3 50. b7 Rb2 51. Kg3 Bxb7 0-1

[Event "RUS-chT 25th"]
[Site "Sochi"]
[Date "2018.05.07"]
[Round "6.3"]
[White "Maletin, Pavel"]
[Black "Stupak, Kirill"]
[Result "1/2-1/2"]
[WhiteElo "2572"]
[BlackElo "2556"]
[PlyCount "81"]
[EventDate "2018.05.01"]
[EventType "team-tourn"]
[EventRounds "9"]
[EventCountry "RUS"]
[SourceTitle "CBM 184 Extra"]
[Source "ChessBase"]
[SourceDate "2018.06.28"]
[SourceVersion "1"]
[SourceVersionDate "2018.06.28"]
[SourceQuality "1"]
[WhiteTeam "Novosibirsk Siberia"]
[BlackTeam "Tyumen Molodezhka"]
[WhiteTeamCountry "RUS"]
[BlackTeamCountry "RUS"]

1. Nf3 d5 2. d4 c5 3. c4 cxd4 4. cxd5 Nf6 5. Qxd4 Qxd5 6. Nc3 Qxd4 7. Nxd4 a6 8. g3 e5 9. Nb3 Bd7 10. Bg2 Bc6 11. 0-0 Bxg2 12. Kxg2 Bb4 13. Bd2 Nc6 14. a3 Bxc3 15. Bxc3 Nd5 16. Rac1 Ke7 17. e4 Nxc3 18. Rxc3 Rhd8 19. Nc5 b5 20. Nb7 Rd7 21. Rxc6 Rxb7 22. Rfc1 Rd7 23. R1c5 f6 24. Rb6 Raa7 25. Rcc6 Rd3 26. Rxa6 Rxa6 27. Rxa6 Rb3 28. Ra7+ Kf8 29. Rb7 Rxb2 30. a4 b4 31. a5 Ra2 32. Rxb4 Rxa5 33. Rb7 Ra4 34. Kf3 h5 35. h4 Ra3+ 36. Ke2 Ra2+ 37. Ke3 Ra3+ 38. Ke2 Ra2+ 39. Ke3 Ra3+ 40. Ke2 Ra2+ 41. Ke3 1/2-1/2

[Event "RUS-chT 25th"]
[Site "Sochi"]
[Date "2018.05.05"]
[Round "5.3"]
[White "Najer, Evgeniy"]
[Black "Maletin, Pavel"]
[Result "1/2-1/2"]
[WhiteElo "2667"]
[BlackElo "2572"]
[PlyCount "43"]
[EventDate "2018.05.01"]
[EventType "team-tourn"]
[EventRounds "9"]
[EventCountry "RUS"]
[SourceTitle "CBM 184 Extra"]
[Source "ChessBase"]
[SourceDate "2018.06.28"]
[SourceVersion "1"]
[SourceVersionDate "2018.06.28"]
[SourceQuality "1"]
[WhiteTeam "Moscow Legacy Square"]
[BlackTeam "Novosibirsk Siberia"]
[WhiteTeamCountry "RUS"]
[BlackTeamCountry "RUS"]

1. e4 e5 2. Nf3 Nc6 3. Bc4 Bc5 4. c3 Nf6 5. d3 d6 6. Bg5 h6 7. Bh4 a6 8. a4 Ba7 9. Nbd2 g5 10. Bg3 0-0 11. h3 Nh5 12. Bh2 Qf6 13. g4 Nf4 14. Bxf4 Qxf4 15. Nf1 h5 16. Qd2 Qxf3 17. Qxg5+ Kh7 18. Qxh5+ Kg7 19. Qg5+ Kh7 20. Qh5+ Kg7 21. Qg5+ Kh7 22. Qh5+ 1/2-1/2

[Event "RUS GP Gp rapid final"]
[Site "Khanty-Mansiysk"]
[Date "2016.12.03"]
[Round "13.3"]
[White "Demidov, Mikhail"]
[Black "Maletin, Pavel"]
[Result "1-0"]
[WhiteElo "2536"]
[BlackElo "2572"]
[PlyCount "123"]
[EventDate "2016.12.01"]
[EventType "tourn (rapid)"]
[EventRounds "15"]
[EventCountry "RUS"]
[EventCategory "13"]
[SourceTitle "CBM 176 Extra"]
[Source "ChessBase"]
[SourceDate "2017.03.02"]
[SourceVersion "1"]
[SourceVersionDate "2017.03.02"]
[SourceQuality "1"]

1. c4 c5 2. Nc3 g6 3. g3 Bg7 4. Bg2 Nc6 5. e3 e5 6. Nge2 Nge7 7. 0-0 0-0 8. d3 d6 9. a3 a5 10. Nd5 Nxd5 11. cxd5 Nb8 12. f4 exf4 13. gxf4 b5 14. Ng3 Nd7 15. e4 Qh4 16. Qe1 Nf6 17. Nf5 Qxe1 18. Ne7+ Kh8 19. Rxe1 Re8 20. Nxc8 Raxc8 21. Bd2 Nh5 22. Rab1 Bd4+ 23. Kf1 b4 24. Bf3 Nf6 25. Rec1 h5 26. Rc4 Rb8 27. a4 Kg7 28. h3 Nd7 29. b3 f5 30. Rbc1 Rbc8 31. Re1 Nb6 32. Rc2 fxe4 33. Bxe4 Nd7 34. Bc1 Nf6 35. Bf3 Rxe1+ 36. Kxe1 Re8+ 37. Re2 Rxe2+ 38. Kxe2 Kf7 39. Bd2 Bb2 40. Be1 Bc1 41. Bg3 Ke7 42. Be4 h4 43. Bxh4 Kf7 44. Bg5 Nh7 45. Bh6 Nf6 46. h4 c4 47. bxc4 b3 48. Kd1 Be3 49. Bg5 Nd7 50. f5 Bxg5 51. fxg6+ Kg7 52. hxg5 Nc5 53. Kd2 Nxa4 54. d4 Kf8 55. Bf5 Nb6 56. Kc3 a4 57. Be4 Ke7 58. c5 Nd7 59. Kb4 dxc5+ 60. dxc5 Nxc5 61. Kxc5 a3 62. d6+ 1-0